Nature of physical geography (Record no. 51782)

MARC details
000 -LEADER
fixed length control field 00359nam a2200145Ia 4500
008 - FIXED-LENGTH DATA ELEMENTS--GENERAL INFORMATION
fixed length control field 230917s9999||||xx |||||||||||||| ||und||
040 ## - CATALOGING SOURCE
-- 141599
Original cataloging agency VIVEKANANDA LIBRARY
041 ## - Language
-- English
082 ## - DDC NUMBER
Classification number 910.02 G862N
100 ## - MAIN ENTRY--PERSONAL NAME
Personal name Gregory, K.J.
245 #0 - TITLE STATEMENT
Title Nature of physical geography
260 ## - PUBLICATION, DISTRIBUTION, ETC. (IMPRINT)
Place of publication, distribution, etc Great Britain
Name of publisher, distributor, etc Edward Arnold
Date of publication, distribution, etc 1985
300 ## - PHYSICAL DESCRIPTION
Pages 262p p.
942 ## - ADDED ENTRY ELEMENTS (KOHA)
Koha item type Books
Holdings
Withdrawn status Lost status Damaged status Not for loan Location (home branch) Sublocation or collection (holding branch) Date acquired Koha issues (times borrowed) Koha full call number Accession No. Koha date last seen Koha item type
        VIVEKANANDA LIBRARY VIVEKANANDA LIBRARY 02/03/2010   910.02 G862N 120629 17/09/2023 Books
© Designed and Maintained by Vivekananda Library, MDU Rohtak